000 00998cam a2200277 a 4500
001 3786913
005 20230320114407.0
008 840709s1985 enka 001 0 eng
010 _a 84014520
020 _a0124165206 (alk. paper)
040 _aDLC
_cDLC
_dDLC
050 0 0 _aQA76.73.P76
_bK58 1985
082 0 0 _a001.6424
_219
_bKLU
100 1 _aKluźniak, Feliks.
_9110617
245 1 0 _aProlog for programmers /
_cFeliks Kluźniak and Stanisław Szpakowicz, with a contribution by Janusz S. Bień.
260 _aLondon ;
_aOrlando :
_bAcademic Press,
_c1985.
300 _axii, 400 p. :
_bill. ;
_c24 cm.
490 1 _aA.P.I.C. studies in data processing ;
_vv. 24
500 _aIncludes index.
650 0 _aProlog (Computer program language)
_990413
700 1 _aSzpakowicz, Stanisław.
_9110618
700 1 _aBień, Janusz St.
_9110619
830 0 _aA.P.I.C. studies in data processing ;
_vno. 24.
_9110620
906 _a7
_bcbc
_corignew
_d1
_eocip
_f19
_gy-gencatlg
942 _2ddc
_cBK
999 _c593842
_d593842